| 000 | 00812nam a22002651 4500 | ||
|---|---|---|---|
| 001 | 20687 | ||
| 003 | BD-RjUL | ||
| 005 | 20211209000609.0 | ||
| 008 | 140302s19591957enk 000 1 eng | ||
| 035 | _a(BD-RjUL)20749 | ||
| 035 | _a(OCoLC)20394862 | ||
| 040 |
_aDLC _cTxBsaA _dTCollA _dDLC _dBD-RjUL _beng |
||
| 041 | _aeng | ||
| 082 |
_a823 _bDOA 1959 |
||
| 100 | 1 |
_aDoyle, Arthur Conan, _d1859-1930. _963840 |
|
| 245 | 1 | 4 |
_aThe adventures of Sherlock Holmes / _cArthur Conan Doyle |
| 260 |
_aLondon : _bJunior Deluxe, _c1959. |
||
| 300 |
_a248 p. ; _c22 cm. |
||
| 600 | 1 | 0 |
_aHolmes, Sherlock _963841 |
| 650 | 0 |
_aPrivate investigators _zEngland _vFiction. _963842 |
|
| 650 | 0 |
_aDetective and mystery stories, English. _963843 |
|
| 942 |
_2ddc _cBK |
||
| 999 |
_c20687 _d20687 |
||